000 005370000a22001810004500
003 MACL
005 20160302171507.0
008 160302b xxu||||| |||| 00| 0 eng d
040 _aMACL
_cMACL
041 _aHindi
082 _a891.431
100 _aगोपालप्रसाद व्‍यास
_941634
245 _aचले आ रहे हैं
260 _bआत्‍माराम एण्‍ड संस
_c1959
_aदिल्‍ली
350 _a4
650 _aPoetry
_942270
942 _cHIN
_k891.431
_2ddc
999 _c26287
_d26287